00184nam a22000737a 4500020001900000040000900019082001600028245006600044 a978-0137909100 cIESE a005.72bDET a the Hidden Language of Computer Hardware and Software CODE